चन्द्रनाथ / (Record no. 40785)

MARC details
000 -LEADER
fixed length control field 01126nam a22002297a 4500
005 - DATE AND TIME OF LATEST TRANSACTION
control field 20100810135539.0
010 ## - LCCN (DPL NO)
LC control number HIN-90119
020 ## - INTERNATIONAL STANDARD BOOK NUMBER
International Standard Book Number 8187215097
Terms of availability 125.00
035 ## - SYSTEM CONTROL NUMBER
System control number HN-62465
037 ## - SOURCE OF ACQUISITION
Source of stock number/acquisition DBAD / PUB
082 ## - DEWEY DECIMAL CLASSIFICATION NUMBER
Classification number
100 ## - MAIN ENTRY--PERSONAL NAME
Personal name चट्टोपाध्याय, शरतचन्द्र
245 ## - TITLE STATEMENT
Title चन्द्रनाथ /
Statement of responsibility, etc शरतचन्द्र चट्टोपाध्याय
246 ## - VARYING FORM OF TITLE
Title proper/short title Chandranath
Remainder of title by Sharat Chandra Chattopadhyaya
250 ## - EDITION STATEMENT
Edition statement 2रा संस्क
260 ## - PUBLICATION, DISTRIBUTION, ETC. (IMPRINT)
Place of publication, distribution, etc नई दिल्ली
Name of publisher, distributor, etc चिल्ड्रन बुक सदन
Date of publication, distribution, etc 2010
270 ## - ADDRESS
Address RZ-E-5, प्रथम तल, गांधी मर्केट, वैस्ट सागरपुर
City नई दिल्ली
Postal code 110046
300 ## - PHYSICAL DESCRIPTION
Extent 96पृ.
Dimensions 22सेमी (सजिल्द)
650 ## - SUBJECT ADDED ENTRY--TOPICAL TERM
Topical term or geographic name as entry element हिन्दी कथा साहित्य
942 ## - ADDED ENTRY ELEMENTS (KOHA)
Source of classification or shelving scheme Dewey Decimal Classification
Item type Hindi Books
Classification part
Call number suffix चट्टोपा
Holdings
Withdrawn status Lost status Not for loan Collection code Home library Current library Date acquired Source of acquisition Cost, normal purchase price Full call number Barcode Copy number Cost, replacement price Koha item type
    Not For Loan Fiction D.B.Act.Division D.B.Act.Division 10/08/2010 DBAD / PUB 125.00 उ चट्टोपा HN-62465 1 125.00 Hindi Books

© Delhi Public Library
Hit Counter
free hit counter